000 00875caa a2200205 4500
999 _c458341
_d458341
001 5148167
003 UA-OsUOA
005 20200227122752.0
008 200227b un ||||| |||| 00| 0 ukr d
040 _aUA-OsUOA
_bukr
_cUA-OsUOA
_dUA-OsUOA
041 _aukr
080 _a908
090 _a908
245 _aНовий Завіт і Псалтир 1580
_cС. Волощенко
300 _aС. 55–58
650 _2UDC
773 0 _0421520
_9426563
_aВолощенко С.
_dК. ФПБМВ 2017
_o161615
_tКолекція Митрополита Володимира (Сабодана): рукописи, стародруки і рідкісні видання
_w(UA-OsUOA) 137846
_z978-966-02-8190-5
942 _2udc
_cBKA